000
00330nam a22001217a 4500
003
SGT
082
_a
891.4309
_b
D08D
100
_a
दुबे, रमेश
245
_a
दिन होगा रात नहीं
260
_b
नर्मदा शंकर प्रकाशन
_c
2008
300
_a
175
942
_2
ddc
_c
BK
999
_c
29896
_d
29896